| 000 | 00813nam a2200217 a 4500 | ||
|---|---|---|---|
| 003 | MX-MxUPN | ||
| 005 | 20240801161851.0 | ||
| 008 | 991125s1925 mx a r 000 0 spa d | ||
| 035 | _aUPN01000034434 | ||
| 040 |
_aMX-MxUPN _bspa _cMX-MxUPN |
||
| 041 | 0 | _aspa | |
| 050 | 1 | 4 |
_aPQ7251 _bL4.4 |
| 245 | 0 | 0 |
_aLecturas literarias : _btomadas de los mejores poetas y prosistas españoles e hispanoamericanos y seguidas de un breve juicio explicativo y crítico |
| 260 |
_aMéxico : _bSELFA, _c1925. |
||
| 300 |
_a349 páginas : _bilustraciones |
||
| 650 | 4 |
_aLiteratura _vColecciones _918506 |
|
| 650 | 4 |
_aLiteratura (Selecciones, extractos, etc.) _910749 |
|
| 700 | 1 |
_aNervo, Amado, _d1870-1919 _929404 _ecompilación |
|
| 710 | 2 |
_aMuseo Pedagógico Nacional (México) _951335 _epropietario anterior |
|
| 942 |
_2lcc _cLIBRO |
||
| 999 |
_c34434 _d34434 |
||